| 000 | 01035nam a2200289 i 4500 | ||
|---|---|---|---|
| 001 | 13555 | ||
| 003 | ES-MaACL | ||
| 005 | 20250801043711.0 | ||
| 007 | t| | ||
| 008 | 980518s1997 sp |||| | spa d | ||
| 020 | _a84-7785-222-7 | ||
| 080 | _a860-14"19" | ||
| 100 | 1 |
_aChampourcin, Ernestina de, _d1905-1999 _937933 |
|
| 245 | 1 | 0 |
_aCántico inútil ; Cartas cerradas ; Primer exilio ; Huyeron todas las islas / _cErnestina de Champourcin ; edición de Milagros Arizmendi. |
| 260 |
_aMálaga : _bCentro Cultural de la Generación del 27, _c1997. |
||
| 300 |
_a365 p. ; _c22 cm. |
||
| 490 | 1 | _aEl paraíso desdeñado | |
| 600 | 1 | 4 |
_aChampourcin, Ernestina de, _d1905-1999- _xCrítica e interpretación _937934 |
| 700 | 1 |
_aArizmendi, Milagros. _922881 |
|
| 710 | 2 |
_aCentro Cultural Generación del 27. _92582 |
|
| 740 | 0 | 2 | _aCartas cerradas. |
| 740 | 0 | 2 | _aPrimer exilio. |
| 740 | 0 | 2 | _aHuyeron todas las islas. |
| 830 | 0 |
_aEl paraíso desdeñado _9179487 |
|
| 852 |
_aES-MaACL _jL-20885 |
||
| 999 |
_c13555 _d13555 |
||